[Event "WJCC U20 Girls 2019"]
[Site "New Delhi"]
[Date "2019.10.18"]
[Round "5.36"]
[White "Chandreyee, Hajra"]
[Black "Meghna, C H"]
[Result "1-0"]
[WhiteElo "2024"]
[BlackElo "1956"]
[Annotator "NA RC"]
[PlyCount "83"]
[EventDate "2019.10.15"]
[EventType "swiss"]
[EventCountry "IND"]
[SourceTitle "playchess.com"]
[Source "ChessBase"]
[SourceQuality "1"]
[TimeControl "40/5400+30:1800+30"]

1. e4 {[%emt 0:00:00]} e6 {[%emt 0:00:00]} 2. d4 {[%emt 0:00:00]} d5 {[%emt 0:00:00]} 3. Nc3 {[%emt 0:00:00]} Bb4 {[%emt 0:00:00]} 4. e5 {[%emt 0:00:00]} Ne7 {[%emt 0:00:08]} 5. a3 {[%emt 0:00:04]} Bxc3+ {[%emt 0:00:14]} 6. bxc3 {[%emt 0:00:06]} c5 {[%emt 0:00:04]} 7. Qg4 {[%emt 0:00:09]} Qc7 {[%emt 0:00:19]} 8. Qxg7 {[%emt 0:00:49]} Rg8 {[%emt 0:00:04]} 9. Qxh7 {[%emt 0:00:11]} cxd4 {[%emt 0:00:10]} 10. Qd3 {[%emt 0:01:31]} Qxe5+ {[%emt 0:10:37]} 11. Ne2 {[%emt 0:01:41]} dxc3 {[%emt 0:00:19]} 12. Bf4 {[%emt 0:02:59]} Qf6 {[%emt 0:04:44]} 13. Qxc3 {[%emt 0:03:50]} Qxc3+ {[%emt 0:04:52]} 14. Nxc3 {[%emt 0:00:07]} a6 {[%emt 0:00:14]} 15. h4 {[%emt 0:04:06]} Nbc6 {[%emt 0:03:16]} 16. f3 {[%emt 0:02:23]} e5 {[%emt 0:09:21]} 17. Bg5 {[%emt 0:02:43]} Bf5 {[%emt 0:09:54]} 18. O-O-O {[%emt 0:03:53]} Rc8 {[%emt 0:11:27]} 19. Nxd5 {[%emt 0:07:13]} Nxd5 {[%emt 0:03:16]} 20. Rxd5 {[%emt 0:00:09]} f6 {[%emt 0:04:20]} 21. Bxf6 {[%emt 0:05:04]} Kf7 {[%emt 0:00:26]} 22. Bg5 {[%emt 0:01:25]} Nd4 {[%emt 0:01:20]} 23. c4 {[%emt 0:02:58]} b5 {[%emt 0:06:14]} 24. Rxe5 {[%emt 0:06:07]} bxc4 {[%emt 0:00:27]} 25. Be3 {[%emt 0:03:37]} Nb3+ {[%emt 0:02:41]} 26. Kb2 {[%emt 0:00:17]} Kf6 {[%emt 0:10:16]} 27. Rxf5+ {[%emt 0:12:50]} Kxf5 {[%emt 0:00:06]} 28. g4+ {[%emt 0:00:28]} Ke5 {[%emt 0:09:16]} 29. Bxc4 {[%emt 0:06:14]} Rxc4 {[%emt 0:00:02]} 30. Kxb3 {[%emt 0:00:11]} Rgc8 {[%emt 0:00:16]} 31. Bd2 {[%emt 0:02:00]} Kd4 {[%emt 0:02:30]} 32. Bb4 {[%emt 0:08:04]} Ke3 {[%emt 0:03:54]} 33. h5 {[%emt 0:02:22]} R4c7 {[%emt 0:02:32]} 34. h6 {[%emt 0:01:53]} Rh7 {[%emt 0:00:47]} 35. g5 {[%emt 0:00:58]} Rg8 {[%emt 0:02:23]} 36. Rg1 {[%emt 0:02:21]} Rg6 {[%emt 0:00:20]} 37. Re1+ {[%emt 0:04:57]} Kxf3 {[%emt 0:00:16]} 38. Re7 {[%emt 0:00:07]} Rhxh6 {[%emt 0:01:14]} 39. gxh6 {[%emt 0:00:09]} Rxh6 {[%emt 0:00:02]} 40. Ka4 {[%emt 0:00:34]} Kg4 {[%emt 0:00:52]} 41. Rf7 {[%emt 0:30:23]} Rc6 {[%emt 0:30:35]} 42. Ka5 {[%emt 0:00:25]} 1-0

[Event "WJCC U20 Girls 2019"]
[Site "New Delhi"]
[Date "2019.10.18"]
[Round "5.37"]
[White "Tsotsonava, Elene"]
[Black "Dahampriya, H K T Dewnethmie"]
[Result "1-0"]
[WhiteElo "1905"]
[BlackElo "1629"]
[Annotator "NA"]
[PlyCount "91"]
[EventDate "2019.10.15"]
[EventType "swiss"]
[EventCountry "IND"]
[SourceTitle "playchess.com"]
[Source "ChessBase"]
[SourceQuality "1"]
[TimeControl "40/5400+30:1800+30"]

1. e4 {[%emt 0:00:00]} c5 {[%emt 0:00:00]} 2. Nf3 {[%emt 0:00:00]} d6 {[%emt 0:00:00]} 3. d4 {[%emt 0:00:00]} cxd4 {[%emt 0:00:00]} 4. Nxd4 {[%emt 0:00:00]} Nf6 {[%emt 0:00:00]} 5. Nc3 {[%emt 0:00:00]} a6 {[%emt 0:00:00]} 6. Bg5 {[%emt 0:00:05]} e6 {[%emt 0:00:03]} 7. f4 {[%emt 0:00:18]} h6 {[%emt 0:00:07]} 8. Bh4 {[%emt 0:00:07]} Qb6 {[%emt 0:00:11]} 9. a3 {[%emt 0:00:29]} Be7 {[%emt 0:00:09]} 10. Bf2 {[%emt 0:00:21]} Qc7 {[%emt 0:00:05]} 11. Bd3 {[%emt 0:00:18]} Nbd7 {[%emt 0:00:18]} 12. Qe2 {[%emt 0:00:18]} b5 {[%emt 0:04:09]} 13. O-O-O {[%emt 0:00:54]} Bb7 {[%emt 0:06:20]} 14. Kb1 {[%emt 0:01:10]} Nc5 {[%emt 0:01:32]} 15. Nb3 {[%emt 0:00:57]} Rb8 {[%emt 0:11:05]} 16. e5 {[%emt 0:16:01]} Nd5 {[%emt 0:09:59]} 17. Bxb5+ {[%emt 0:14:19]} Kf8 {[%emt 0:08:50]} 18. Nxd5 {[%emt 0:00:43]} Bxd5 {[%emt 0:00:12]} 19. Bxc5 {[%emt 0:11:18]} axb5 {[%emt 0:15:31]} 20. exd6 {[%emt 0:01:52]} Bxd6 {[%emt 0:00:15]} 21. Qe5 {[%emt 0:02:01]} Qxc5 {[%emt 0:02:05]} 22. Nxc5 {[%emt 0:00:13]} Bxe5 {[%emt 0:00:04]} 23. fxe5 {[%emt 0:00:20]} Rc8 {[%emt 0:07:10]} 24. Nd7+ {[%emt 0:11:43]} Ke7 {[%emt 0:00:10]} 25. Nb6 {[%emt 0:00:02]} Rcd8 {[%emt 0:00:14]} 26. Nxd5+ {[%emt 0:00:53]} Rxd5 {[%emt 0:00:06]} 27. Rxd5 {[%emt 0:01:19]} exd5 {[%emt 0:00:06]} 28. Rd1 {[%emt 0:02:19]} Ke6 {[%emt 0:00:13]} 29. Rd4 {[%emt 0:00:05]} Kxe5 {[%emt 0:01:10]} 30. Rb4 {[%emt 0:00:14]} Rb8 {[%emt 0:03:36]} 31. a4 {[%emt 0:00:57]} Kd6 {[%emt 0:00:27]} 32. c3 {[%emt 0:06:26]} Kc5 {[%emt 0:00:33]} 33. Kc2 {[%emt 0:01:16]} Rb6 {[%emt 0:00:42]} 34. axb5 {[%emt 0:03:39]} Rxb5 {[%emt 0:00:26]} 35. Rxb5+ {[%emt 0:05:07]} Kxb5 {[%emt 0:00:06]} 36. Kd3 {[%emt 0:00:06]} Kc6 {[%emt 0:00:53]} 37. Kd4 {[%emt 0:01:07]} Kd6 {[%emt 0:01:40]} 38. b4 {[%emt 0:00:16]} f5 {[%emt 0:04:12]} 39. b5 {[%emt 0:08:58]} g5 {[%emt 0:00:33]} 40. b6 {[%emt 0:01:10]} f4 {[%emt 0:00:32]} 41. b7 {[%emt 0:31:42]} Kc7 {[%emt 0:30:04]} 42. Kxd5 {[%emt 0:00:29]} Kxb7 {[%emt 0:00:04]} 43. Ke5 {[%emt 0:00:59]} Kc6 {[%emt 0:00:20]} 44. Kf5 {[%emt 0:00:46]} Kd5 {[%emt 0:00:13]} 45. h3 {[%emt 0:00:18]} Kc4 {[%emt 0:01:37]} 46. Ke4 {Kd5+} 1-0

[Event "WJCC U20 Girls 2019"]
[Site "New Delhi"]
[Date "2019.10.18"]
[Round "5.38"]
[White "Jain Nityata"]
[Black "Noshin, Anjum"]
[Result "1-0"]
[WhiteElo "2029"]
[BlackElo "1793"]
[Annotator "NA RC"]
[PlyCount "61"]
[EventDate "2019.10.15"]
[EventType "swiss"]
[EventCountry "IND"]
[SourceTitle "playchess.com"]
[Source "ChessBase"]
[SourceQuality "1"]
[TimeControl "40/5400+30:1800+30"]

1. e4 {[%emt 0:00:00]} e5 {[%emt 0:00:00]} 2. Nf3 {[%emt 0:00:00]} Nc6 {[%emt 0:00:00]} 3. Nc3 {[%emt 0:00:00]} Nf6 {[%emt 0:00:10]} 4. d4 {[%emt 0:00:00]} exd4 {[%emt 0:00:06]} 5. Nxd4 {[%emt 0:00:00]} Bb4 {[%emt 0:00:33]} 6. Nxc6 {[%emt 0:00:00]} bxc6 {[%emt 0:00:06]} 7. Bd3 {[%emt 0:00:06]} d5 {[%emt 0:02:02]} 8. exd5 {[%emt 0:00:08]} O-O {[%emt 0:04:13]} 9. O-O {[%emt 0:01:28]} cxd5 {[%emt 0:00:22]} 10. Bg5 {[%emt 0:01:19]} c6 {[%emt 0:00:25]} 11. Na4 {[%emt 0:00:10]} h6 {[%emt 0:01:40]} 12. Bh4 {[%emt 0:00:16]} Bd6 {[%emt 0:08:02]} 13. Re1 {[%emt 0:01:27]} Be6 {[%emt 0:03:53]} 14. c3 {[%emt 0:02:50]} Rb8 {[%emt 0:04:02]} 15. Bc2 {[%emt 0:01:22]} Re8 16. b4 {[%emt 0:13:43]} Be7 {[%emt 0:26:52]} 17. Qd3 {[%emt 0:11:14]} Ne4 {[%emt 0:18:06]} 18. Bg3 {[%emt 0:22:38]} Rc8 {[%emt 0:03:42]} 19. f3 {[%emt 0:03:34]} Nf6 {[%emt 0:00:29]} 20. Bh4 {[%emt 0:02:52]} Bd6 {[%emt 0:03:32]} 21. Rad1 {[%emt 0:07:53]} Rc7 {[%emt 0:08:22]} 22. Nc5 {[%emt 0:08:34]} Bxc5+ {[%emt 0:06:53]} 23. bxc5 {[%emt 0:00:07]} g6 {[%emt 0:03:50]} 24. Qd4 {[%emt 0:02:33]} Kg7 {[%emt 0:00:34]} 25. Bg3 {[%emt 0:01:58]} Rb7 {[%emt 0:00:36]} 26. Be5 {[%emt 0:01:13]} Qe7 {[%emt 0:01:29]} 27. Re3 {[%emt 0:04:36]} Rd8 {[%emt 0:01:39]} 28. Rde1 {[%emt 0:01:04]} a5 {[%emt 0:01:21]} 29. f4 {[%emt 0:00:40]} Bc8 {[%emt 0:00:55]} 30. Bd6 {[%emt 0:00:54]} Qd7 {[%emt 0:00:07]} 31. Be7 {[%emt 0:00:13]} 1-0

[Event "WJCC U20 Girls 2019"]
[Site "New Delhi"]
[Date "2019.10.18"]
[Round "5.39"]
[White "Lohani, Sujana"]
[Black "Tanishka Kotia"]
[Result "0-1"]
[WhiteElo "1671"]
[BlackElo "2090"]
[Annotator "NA"]
[PlyCount "90"]
[EventDate "2019.10.15"]
[EventType "swiss"]
[EventCountry "IND"]
[SourceTitle "playchess.com"]
[Source "ChessBase"]
[SourceQuality "1"]
[TimeControl "40/5400+30:1800+30"]

1. d4 {[%emt 0:00:00]} Nf6 {[%emt 0:00:00]} 2. Nf3 {[%emt 0:00:00]} e6 {[%emt 0:00:00]} 3. c4 {[%emt 0:00:00]} b6 {[%emt 0:00:00]} 4. g3 {[%emt 0:01:04]} Bb7 {[%emt 0:00:00]} 5. Bg2 {[%emt 0:00:09]} Bb4+ {[%emt 0:00:20]} 6. Bd2 {[%emt 0:00:22]} c5 {[%emt 0:00:53]} 7. e3 {[%emt 0:05:24]} O-O {[%emt 0:04:19]} 8. O-O {[%emt 0:00:51]} d6 {[%emt 0:01:26]} 9. a3 {[%emt 0:06:25]} Bxd2 {[%emt 0:00:11]} 10. Nbxd2 {[%emt 0:00:08]} Nbd7 {[%emt 0:01:57]} 11. Rc1 {[%emt 0:04:48]} Rc8 {[%emt 0:01:35]} 12. Qe2 {[%emt 0:06:19]} Rc7 {[%emt 0:16:24]} 13. Rfd1 {[%emt 0:04:29]} Qa8 {[%emt 0:02:42]} 14. Ne1 {[%emt 0:09:52]} cxd4 {[%emt 0:06:13]} 15. exd4 {[%emt 0:05:23]} Rfc8 {[%emt 0:02:14]} 16. b4 {[%emt 0:10:17]} e5 {[%emt 0:10:07]} 17. dxe5 {[%emt 0:08:45]} Nxe5 {[%emt 0:03:07]} 18. f4 {[%emt 0:03:31]} Neg4 {[%emt 0:05:20]} 19. Bxb7 {[%emt 0:06:16]} Qxb7 {[%emt 0:01:10]} 20. Ng2 {[%emt 0:02:52]} b5 {[%emt 0:05:24]} 21. c5 {[%emt 0:10:47]} dxc5 {[%emt 0:01:58]} 22. Rxc5 {[%emt 0:00:10]} Rxc5 {[%emt 0:00:50]} 23. bxc5 {[%emt 0:00:06]} Rxc5 {[%emt 0:02:04]} 24. h3 {[%emt 0:06:32]} Nh6 {[%emt 0:03:39]} 25. Ne4 {[%emt 0:01:16]} Rd5 {[%emt 0:02:01]} 26. Nxf6+ {[%emt 0:02:37]} gxf6 {[%emt 0:00:09]} 27. Qe8+ {[%emt 0:00:55]} Kg7 {[%emt 0:00:02]} 28. Rc1 {[%emt 0:02:18]} Rd2 {[%emt 0:02:56]} 29. Qc6 {[%emt 0:01:14]} Qe7 {[%emt 0:01:54]} 30. Qf3 {[%emt 0:01:01]} Qe2 {[%emt 0:03:38]} 31. Qxe2 {[%emt 0:00:36]} Rxe2 {[%emt 0:00:02]} 32. Rc7 {[%emt 0:00:26]} a6 {[%emt 0:00:14]} 33. Ra7 {[%emt 0:00:44]} Re6 {[%emt 0:00:12]} 34. g4 {[%emt 0:00:35]} f5 {[%emt 0:01:30]} 35. g5 {[%emt 0:00:24]} Ng8 {[%emt 0:00:08]} 36. Kf2 {[%emt 0:00:37]} h6 {[%emt 0:06:53]} 37. h4 {[%emt 0:00:05]} Ne7 {[%emt 0:06:13]} 38. Ne3 {[%emt 0:00:37]} Nc8 {[%emt 0:03:16]} 39. Rc7 {[%emt 0:00:34]} Nd6 {[%emt 0:00:26]} 40. Kf3 {[%emt 0:00:29]} hxg5 {[%emt 0:01:18]} 41. hxg5 {[%emt 0:30:32]} Kg6 {[%emt 0:36:52]} 42. Ra7 {[%emt 0:00:00]} a5 {[%emt 0:00:00]} 43. Nc2 {[%emt 0:00:00]} a4 {[%emt 0:00:00]} 44. Nd4 {[%emt 0:00:00]} Re4 {[%emt 0:00:00]} 45. Nxf5 {[%emt 0:00:00]} Kxf5 {[%emt 0:00:00]} 0-1

[Event "WJCC U20 Girls 2019"]
[Site "New Delhi"]
[Date "2019.10.18"]
[Round "5.40"]
[White "Bauyrzhan, Arnash"]
[Black "Rathi Dhanashree"]
[Result "1-0"]
[WhiteElo "2075"]
[BlackElo "1692"]
[Annotator "NA RC"]
[PlyCount "89"]
[EventDate "2019.10.15"]
[EventType "swiss"]
[EventCountry "IND"]
[SourceTitle "playchess.com"]
[Source "ChessBase"]
[SourceQuality "1"]
[TimeControl "40/5400+30:1800+30"]

1. e4 {[%emt 0:00:00]} c5 {[%emt 0:00:00]} 2. Nf3 {[%emt 0:00:00]} e6 {[%emt 0:00:14]} 3. d4 {[%emt 0:00:10]} cxd4 {[%emt 0:00:13]} 4. Nxd4 {[%emt 0:00:15]} a6 {[%emt 0:00:07]} 5. Bd3 {[%emt 0:00:40]} Qc7 {[%emt 0:00:18]} 6. O-O {[%emt 0:00:39]} Nf6 {[%emt 0:00:37]} 7. Qe2 {[%emt 0:00:33]} d6 {[%emt 0:00:43]} 8. c4 {[%emt 0:00:37]} Be7 {[%emt 0:00:14]} 9. Nc3 {[%emt 0:00:36]} Nbd7 {[%emt 0:00:54]} 10. f4 {[%emt 0:01:38]} b6 {[%emt 0:01:08]} 11. Bd2 {[%emt 0:01:39]} Bb7 {[%emt 0:00:34]} 12. Rae1 {[%emt 0:01:12]} O-O {[%emt 0:02:16]} 13. a3 {[%emt 0:04:32]} Rac8 {[%emt 0:11:44]} 14. b4 {[%emt 0:00:50]} Rfd8 {[%emt 0:14:53]} 15. Qf3 {[%emt 0:11:31]} b5 {[%emt 0:20:46]} 16. cxb5 {[%emt 0:26:14]} Qb6 {[%emt 0:00:33]} 17. Be3 {[%emt 0:00:22]} Rxc3 {[%emt 0:01:06]} 18. Nc6 {[%emt 0:14:17]} Qc7 {[%emt 0:14:27]} 19. Nxe7+ {[%emt 0:00:34]} Kf8 {[%emt 0:00:06]} 20. Bd4 {[%emt 0:05:24]} axb5 {[%emt 0:02:32]} 21. Bxc3 {[%emt 0:02:20]} Qxc3 {[%emt 0:00:07]} 22. Bxb5 {[%emt 0:03:44]} Qd4+ {[%emt 0:00:22]} 23. Qe3 {[%emt 0:02:06]} Qxe3+ {[%emt 0:00:15]} 24. Rxe3 {[%emt 0:00:03]} Kxe7 {[%emt 0:00:14]} 25. Bd3 {[%emt 0:04:28]} Rc8 {[%emt 0:01:11]} 26. Bb1 {[%emt 0:03:54]} Ba6 {[%emt 0:00:57]} 27. Rd1 {[%emt 0:03:18]} Bb5 {[%emt 0:00:19]} 28. h3 {[%emt 0:00:40]} Nb6 {[%emt 0:00:37]} 29. g4 {[%emt 0:01:58]} Nc4 {[%emt 0:02:53]} 30. Rc3 {[%emt 0:00:14]} Ra8 {[%emt 0:00:11]} 31. Bd3 {[%emt 0:07:53]} Nb2 {[%emt 0:03:05]} 32. Bxb5 {[%emt 0:02:41]} Nxd1 {[%emt 0:00:16]} 33. Rc1 {[%emt 0:00:45]} Nb2 {[%emt 0:00:38]} 34. Rc2 Na4 {[%emt 0:00:30]} 35. Rc7+ {[%emt 0:00:42]} Kd8 {[%emt 0:04:24]} 36. Rxf7 {[%emt 0:00:19]} Nb6 {[%emt 0:00:02]} 37. a4 {[%emt 0:00:41]} Rb8 {[%emt 0:04:18]} 38. g5 {[%emt 0:00:47]} Ne8 {[%emt 0:01:27]} 39. Bc6 {[%emt 0:00:39]} Nc4 {[%emt 0:02:25]} 40. Rd7+ {[%emt 0:00:16]} Kc8 {[%emt 0:00:16]} 41. Re7 {[%emt 0:08:45]} Rxb4 {[%emt 0:09:14]} 42. Rxe8+ {[%emt 0:00:40]} Kc7 {[%emt 0:00:04]} 43. Bb5 {[%emt 0:00:24]} d5 {[%emt 0:01:53]} 44. Rxe6 {[%emt 0:00:47]} d4 {[%emt 0:00:13]} 45. Rc6+ {[%emt 0:00:13]} 1-0

[Event "WJCC U20 Girls 2019"]
[Site "New Delhi"]
[Date "2019.10.18"]
[Round "5.41"]
[White "Rousseau, Christilla"]
[Black "Mirza, Diana"]
[Result "0-1"]
[WhiteElo "1648"]
[BlackElo "1986"]
[Annotator "NA RC"]
[PlyCount "46"]
[EventDate "2019.10.15"]
[EventType "swiss"]
[EventCountry "IND"]
[SourceTitle "playchess.com"]
[Source "ChessBase"]
[SourceQuality "1"]
[TimeControl "40/5400+30:1800+30"]

1. d4 {[%emt 0:00:00]} g6 {[%emt 0:00:00]} 2. Bf4 {[%emt 0:00:00]} Bg7 {[%emt 0:00:00]} 3. e3 {[%emt 0:00:00]} d6 {[%emt 0:00:00]} 4. Nf3 {[%emt 0:00:29]} Nd7 {[%emt 0:00:00]} 5. h3 {[%emt 0:00:32]} e5 {[%emt 0:00:15]} 6. Bh2 {[%emt 0:00:26]} Qe7 {[%emt 0:00:09]} 7. Be2 {[%emt 0:00:49]} Nh6 {[%emt 0:01:00]} 8. O-O {[%emt 0:03:05]} O-O {[%emt 0:00:21]} 9. c4 {[%emt 0:01:42]} f5 {[%emt 0:00:48]} 10. Nc3 {[%emt 0:01:50]} Nf7 {[%emt 0:03:03]} 11. Nd5 {[%emt 0:04:43]} Qd8 {[%emt 0:00:09]} 12. Rc1 {[%emt 0:00:21]} g5 {[%emt 0:07:45]} 13. b4 {[%emt 0:15:33]} b6 {[%emt 0:14:32]} 14. a4 {[%emt 0:20:08]} a5 {[%emt 0:05:50]} 15. c5 {[%emt 0:06:05]} bxc5 {[%emt 0:11:04]} 16. bxc5 {[%emt 0:01:56]} c6 {[%emt 0:00:16]} 17. Nc3 {[%emt 0:00:56]} e4 {[%emt 0:03:09]} 18. Ne1 {[%emt 0:05:22]} dxc5 {[%emt 0:01:52]} 19. dxc5 {[%emt 0:00:05]} Nxc5 {[%emt 0:00:40]} 20. Qxd8 {[%emt 0:10:42]} Rxd8 {[%emt 0:00:25]} 21. Bc7 {[%emt 0:01:04]} Rd7 {[%emt 0:04:51]} 22. Bb6 {[%emt 0:00:51]} Nb3 {[%emt 0:00:59]} 23. Rc2 {[%emt 0:08:58]} Nd2 {[%emt 0:00:36]} 0-1

[Event "WJCC U20 Girls 2019"]
[Site "New Delhi"]
[Date "2019.10.18"]
[Round "5.42"]
[White "Arushi Kotwal"]
[Black "Punsalan, Vyanla M"]
[Result "0-1"]
[WhiteElo "1657"]
[BlackElo "1964"]
[Annotator "NA"]
[PlyCount "54"]
[EventDate "2019.10.15"]
[EventType "swiss"]
[EventCountry "IND"]
[SourceTitle "playchess.com"]
[Source "ChessBase"]
[SourceQuality "1"]
[TimeControl "40/5400+30:1800+30"]

1. Nf3 {[%emt 0:00:00]} f5 {[%emt 0:00:00]} 2. b3 {[%emt 0:00:02]} d6 {[%emt 0:00:18]} 3. Bb2 {[%emt 0:00:00]} g6 {[%emt 0:00:41]} 4. d4 {[%emt 0:00:17]} Bg7 {[%emt 0:00:30]} 5. e3 {[%emt 0:01:26]} Nf6 {[%emt 0:01:13]} 6. c4 {[%emt 0:01:03]} O-O {[%emt 0:00:22]} 7. Nbd2 {[%emt 0:01:41]} Qe8 {[%emt 0:00:50]} 8. Bd3 {[%emt 0:00:30]} h6 {[%emt 0:02:02]} 9. e4 {[%emt 0:01:55]} Nh5 {[%emt 0:02:53]} 10. g3 {[%emt 0:08:46]} f4 {[%emt 0:01:59]} 11. e5 {[%emt 0:18:04]} Bg4 {[%emt 0:20:28]} 12. Be4 {[%emt 0:03:46]} Nc6 {[%emt 0:03:09]} 13. Qb1 {[%emt 0:03:48]} dxe5 {[%emt 0:17:09]} 14. Bxg6 {[%emt 0:03:35]} Qd7 {[%emt 0:01:14]} 15. Bh7+ {[%emt 0:04:33]} Kh8 {[%emt 0:03:43]} 16. Nh4 {[%emt 0:00:29]} Rf6 {[%emt 0:02:06]} 17. Ne4 {[%emt 0:03:20]} Nxd4 {[%emt 0:02:31]} 18. Nxf6 {[%emt 0:03:18]} Bxf6 {[%emt 0:00:27]} 19. Bxd4 {[%emt 0:22:23]} Qxd4 {[%emt 0:02:16]} 20. Be4 {[%emt 0:12:49]} Bxh4 {[%emt 0:03:49]} 21. gxh4 {[%emt 0:00:08]} Nf6 22. Bxb7 {[%emt 0:02:18]} Rd8 {[%emt 0:12:34]} 23. Qc1 {[%emt 0:01:26]} Ne4 {[%emt 0:00:40]} 24. Rf1 {[%emt 0:03:18]} Nc5 {[%emt 0:00:26]} 25. f3 {[%emt 0:02:16]} Nd3+ {[%emt 0:00:41]} 26. Ke2 {[%emt 0:00:16]} Nxc1+ {[%emt 0:00:19]} 27. Rfxc1 {[%emt 0:00:03]} Qe3+ {[%emt 0:00:12]} 0-1

[Event "WJCC U20 Girls 2019"]
[Site "New Delhi"]
[Date "2019.10.18"]
[Round "5.43"]
[White "Ananya, Suresh"]
[Black "Abdala Cancino, Patricia Anastas"]
[Result "1/2-1/2"]
[WhiteElo "1896"]
[BlackElo "1608"]
[Annotator "NA"]
[PlyCount "74"]
[EventDate "2019.10.15"]
[EventType "swiss"]
[EventCountry "IND"]
[SourceTitle "playchess.com"]
[Source "ChessBase"]
[SourceQuality "1"]
[TimeControl "40/5400+30:1800+30"]

1. e4 {[%emt 0:00:00]} e5 {[%emt 0:00:00]} 2. Nf3 {[%emt 0:00:00]} Nc6 {[%emt 0:00:19]} 3. Bb5 {[%emt 0:00:47]} a6 {[%emt 0:00:07]} 4. Ba4 {[%emt 0:00:05]} Nf6 {[%emt 0:00:33]} 5. O-O {[%emt 0:00:14]} b5 {[%emt 0:04:38]} 6. Bb3 {[%emt 0:00:07]} Bc5 {[%emt 0:00:24]} 7. c3 {[%emt 0:00:50]} Bb6 {[%emt 0:00:23]} 8. d3 {[%emt 0:04:59]} d6 {[%emt 0:01:37]} 9. h3 {[%emt 0:00:53]} O-O {[%emt 0:02:11]} 10. Bg5 {[%emt 0:00:58]} h6 {[%emt 0:00:18]} 11. Be3 {[%emt 0:07:05]} Bxe3 {[%emt 0:01:23]} 12. fxe3 {[%emt 0:02:55]} Na5 {[%emt 0:03:27]} 13. Bc2 {[%emt 0:00:13]} c5 {[%emt 0:00:33]} 14. Nbd2 {[%emt 0:01:02]} Bb7 {[%emt 0:00:23]} 15. Qe1 {[%emt 0:02:03]} Qe7 {[%emt 0:01:17]} 16. Nh4 {[%emt 0:01:13]} g6 {[%emt 0:00:38]} 17. b4 {[%emt 0:06:26]} cxb4 {[%emt 0:02:03]} 18. cxb4 {[%emt 0:00:04]} Nc6 {[%emt 0:00:08]} 19. Bb3 {[%emt 0:00:37]} Kh7 {[%emt 0:00:25]} 20. Qf2 {[%emt 0:00:16]} Kg7 {[%emt 0:02:13]} 21. Qg3 {[%emt 0:02:35]} Kh7 {[%emt 0:00:33]} 22. Qf3 {[%emt 0:01:50]} Kg7 {[%emt 0:01:45]} 23. Qg3 {[%emt 0:04:45]} Kh7 {[%emt 0:01:59]} 24. Rf3 {[%emt 0:03:44]} Nh5 {[%emt 0:02:37]} 25. Qf2 {[%emt 0:04:23]} f6 {[%emt 0:04:56]} 26. a3 {[%emt 0:01:43]} Nb8 {[%emt 0:05:51]} 27. Rf5 {[%emt 0:04:09]} Ng7 {[%emt 0:09:20]} 28. Rf3 {[%emt 0:00:10]} Nh5 {[%emt 0:02:45]} 29. Rc1 {[%emt 0:11:00]} a5 {[%emt 0:00:26]} 30. Nf1 {[%emt 0:00:49]} axb4 {[%emt 0:00:59]} 31. axb4 {[%emt 0:00:03]} Nc6 {[%emt 0:12:06]} 32. Qe1 {[%emt 0:08:03]} Ra3 {[%emt 0:03:22]} 33. Rb1 {[%emt 0:01:19]} Nd8 {[%emt 0:00:58]} 34. Ng3 {[%emt 0:01:22]} Ng7 {[%emt 0:00:22]} 35. Ne2 {[%emt 0:02:29]} Nde6 {[%emt 0:01:58]} 36. Nc3 {[%emt 0:00:56]} Ng5 {[%emt 0:01:54]} 37. Rf1 {[%emt 0:03:23]} Bc6 {[%emt 0:02:01]} 1/2-1/2

[Event "WJCC U20 Girls 2019"]
[Site "New Delhi"]
[Date "2019.10.18"]
[Round "5.44"]
[White "Djuric, Anja"]
[Black "Tamarozi, Isabelle"]
[Result "0-1"]
[WhiteElo "1493"]
[BlackElo "2029"]
[Annotator "NA"]
[PlyCount "78"]
[EventDate "2019.10.15"]
[EventType "swiss"]
[EventCountry "IND"]
[SourceTitle "playchess.com"]
[Source "ChessBase"]
[SourceQuality "1"]
[TimeControl "40/5400+30:1800+30"]

1. e4 {[%emt 0:00:00]} c5 {[%emt 0:00:00]} 2. c3 {[%emt 0:00:00]} Nf6 {[%emt 0:00:00]} 3. e5 {[%emt 0:00:26]} Nd5 {[%emt 0:00:21]} 4. Bc4 {[%emt 0:00:08]} Nb6 {[%emt 0:01:09]} 5. Bb3 {[%emt 0:00:08]} c4 {[%emt 0:10:03]} 6. Bc2 {[%emt 0:00:28]} Nc6 {[%emt 0:01:28]} 7. Nf3 {[%emt 0:00:18]} d6 {[%emt 0:04:33]} 8. Qe2 {[%emt 0:01:09]} Bg4 {[%emt 0:04:31]} 9. h3 {[%emt 0:02:49]} Bxf3 {[%emt 0:08:11]} 10. Qxf3 {[%emt 0:00:06]} d5 {[%emt 0:01:48]} 11. Qe2 {[%emt 0:04:56]} d4 {[%emt 0:05:52]} 12. d3 {[%emt 0:01:26]} dxc3 {[%emt 0:04:45]} 13. bxc3 {[%emt 0:00:59]} cxd3 {[%emt 0:01:55]} 14. Bxd3 {[%emt 0:00:20]} Nxe5 {[%emt 0:01:47]} 15. Bb5+ {[%emt 0:01:03]} Ned7 {[%emt 0:01:20]} 16. O-O {[%emt 0:00:19]} a6 {[%emt 0:03:14]} 17. Bxd7+ {[%emt 0:00:20]} Qxd7 {[%emt 0:01:19]} 18. Rd1 {[%emt 0:00:17]} Qc6 {[%emt 0:01:58]} 19. Be3 {[%emt 0:08:23]} e6 {[%emt 0:03:58]} 20. Nd2 {[%emt 0:02:06]} Be7 {[%emt 0:02:32]} 21. Qg4 {[%emt 0:02:08]} O-O-O {[%emt 0:10:34]} 22. Bxb6 {[%emt 0:07:06]} Qxb6 {[%emt 0:01:00]} 23. Rab1 {[%emt 0:01:05]} Qc6 {[%emt 0:01:52]} 24. Nc4 {[%emt 0:00:17]} Rxd1+ {[%emt 0:04:01]} 25. Rxd1 {[%emt 0:00:07]} Rd8 {[%emt 0:02:43]} 26. Rb1 {[%emt 0:00:24]} Bc5 {[%emt 0:05:18]} 27. Qf4 {[%emt 0:05:17]} b5 {[%emt 0:04:49]} 28. Nb2 {[%emt 0:06:55]} Qd6 {[%emt 0:03:29]} 29. Qf3 {[%emt 0:03:37]} Qd5 {[%emt 0:01:32]} 30. Qxf7 {[%emt 0:04:48]} Rf8 {[%emt 0:02:36]} 31. Qxg7 {[%emt 0:00:17]} Rxf2 {[%emt 0:00:44]} 32. Kh1 {[%emt 0:00:08]} Qf5 {[%emt 0:01:33]} 33. Qg8+ {[%emt 0:02:34]} Kb7 {[%emt 0:00:38]} 34. Qg7+ {[%emt 0:02:22]} Kc6 {[%emt 0:00:23]} 35. Rd1 {[%emt 0:00:56]} Rf1+ 36. Rxf1 {[%emt 0:00:14]} Qxf1+ {[%emt 0:01:27]} 37. Kh2 {[%emt 0:00:02]} Bd6+ {[%emt 0:02:30]} 38. g3 {[%emt 0:00:18]} Qf2+ {[%emt 0:00:58]} 39. Kh1 {[%emt 0:00:09]} Bxg3 {[%emt 0:00:24]} 0-1